Zváranie austenitických ocelí laserom = Laser beam welding of austenitic steels : Diplomová práca

Guardado en:
Detalles Bibliográficos
Autor principal: Balvan, Marcel (Autor)
Otros Autores: Turňa, Milan (xxx)
Formato: Manuscrito Libro
Lenguaje:eslovaco
Publicado: Trnava : STU v Bratislave MtF KZv, 2007
Materias:
Etiquetas: Agregar Etiqueta
Sin Etiquetas, Sea el primero en etiquetar este registro!

MARC

LEADER 00000ntm a22000003a 4500
001 stu143195
005 20160719155800.6
008 070711s2007----xo------------------slo-d
040 |a STU  |b slo 
041 0 |a slo 
044 |a xo 
100 1 |a Balvan, Marcel  |4 aut 
245 1 |a Zváranie austenitických ocelí laserom = Laser beam welding of austenitic steels :  |b Diplomová práca 
260 |a Trnava :  |b STU v Bratislave MtF KZv,  |c 2007 
300 |a 89 s  |c 1 CD-ROM 
500 |a Program: Zváranie a spájanie materiálov 
650 7 |a zváranie laserom  |2 stusub 
700 1 |a Turňa, Milan  |4 xxx  |u M3000  |U MTF Materiálovotechnologická fakulta  |T MTF Ústav výrobných technológií  |U M3000  |Y 83 
996 |b 284M076606  |c M*DP-6573  |l MMSKP  |s P  |a 0  |w stu143195_0001